The 4chan quiz - Statistics

General Stats
  • This quiz has been taken 205 times
  • The average score is 10 of 16
Answer Stats
Hint Answer % Correct
What board is branded as "random" and is 4chan's most infamous? /b/
93%
Which lovable green character can be found on most boards? Pepe
90%
What board is responsible for most of the mischief caused by 4chan? /pol/
86%
What is the term for a normal person on 4chan? Normie
83%
Which ancient deity resurrected in late 2015 to help Trump win the election? Kek
73%
What soda brand held a survey that 4chan promptly flooded with vulgar names? Mountain Dew
64%
What is a term on 4chan for a grown adult still living with their parents? neet
64%
Users of what website infamously raided 4chan in a battle know as the "Independence Day Wars?" Tumblr
64%
What project did users of 4chan cause Shia Laebouf to give up on? He Will Not Divide Us
62%
What is the nickname of 4chan's founder? moot
62%
What board is dedicated to the theme "no exact reposts?" /r9k/
56%
What raid caused a stir in real life when users began putting "pool's closed" signs at real pools? Habbo Hotel
48%
What would a Kekistani soldier shout in battle? Reeeeeeee
48%
Who is 4chan's favorite modern political figure? Donald Trump
41%
What is Kekistan's National Anthem? Shadilay
39%
What is a term for a good looking girl on 4chan? qt.3.14
32%
No matching quizzes found
Score Distribution
Percent of People with Each Score
Percentile by Number Answered
Your Score History
You have not taken this quiz